000 01317nam a2200265Ia 4500
999 _c34711
_d34711
001 498
003 GE_BSU
005 20200123163825.0
008 181216s2008||||ge |||||||||||||| ||geo||
020 _a9789994097593
040 _cGE_BSU
041 _ageo
080 _a616.089(075.8) ქ-54
245 _aქირურგიული დაავადებები /
_c[მ.ი. კუზინი, ო.ს. შკრობი, ნ.მ. კუზინი და სხვ.] ; მ. კუზინის რედ. ; თარგმანის რედ.: გ. მამამთავრიშვილი].
250 _aმე-4, გადამუშ. და შევს. გამოც.
264 _aთბილისი :
_bმთაწმინდელი,
_c2008.
300 _a627 გვ.
_bსურ. ;
_c21სმ..
490 _aსასწავლო ლიტერატურა
653 _aქირურგიული დაავადებები
653 _aმედიცინა
700 _a კუზინი, მ.ი.
_eავტორი
_96347
700 _aშკრობი, ო.ს. და სხვ.
_eავტორი
_96348
700 _aმამამთავრიშვილი, გ.
_eრედაქტორი
_96349
942 _cBK
_2udc